00713nam a2200193 i 450000100060000000300090000600700030001500800410001810000160005924502020007526000410027730000450031849000360036370000150039970000180041470000200043283000360045285200310048886099ES-MaACLt|041207s1953 ne ||||1| fre d1 aKerkhof, F.10aTélévision b: une introduction aux principes physiques et techniques de la télévisión / cpar F. Kerkhof et W. Werner ; avec un avant-propos de G.A. Boutry ; [traduit par J.F. Marchand]. a[Eindhoven : bN.V. Philips, c1953] aXV, 476 p., 10 lám. : bil. ; c23 cm.1 aBibliothèque techique Philips1 aWerner, W.1 aBoutry, G. A.1 aMarchand, J. F.0 aBibliothèque techique Philips aES-MaACLjC-9070 bR.37239